00824nam a2200229 a 450000100100000000500170001000800410002702000180006804000250008608200130011110000240012424500720014826000410022049000180026150000570027950400300033650000330036670000420039983000250044195201110046699900170057700004078420201002034357.0130906s2007 sp a 000 0 spa d a9788420670201 aDO-SdBNPbspacBNPHU axxxbxxx1 aHonour, Hugh96720113aEl romanticismo. /cHugh Honour; traductor, Remigio Gómez Díaz. aMadrid, :bAlianza editorial,c2007.1 aAlianza forma ala biblioteca posee la novena reimpresión del 2007 aBibliografía p: 385-390 aIncluye índice analítico1 aGómez Díaz, Remigioetrad.967202 0aAlianza forma967203 001050718MOaGRbGRcCTd2013-09-06iLF1l0oxxx xxxp40784-10r2020-06-25w2020-06-25y1ZNo se presta c40274d40274